|
|
|
|
| LEADER |
00000cam a2200000 4500 |
| 001 |
vtls012273786 |
| 003 |
SK-MaSNL |
| 005 |
20260301110124.0 |
| 008 |
250320s2024 xo g f 000 1 slo |
| 015 |
|
|
|a SNBA2025/04
|
| 020 |
|
|
|a 9788082311641
|q (brožované)
|
| 040 |
|
|
|a SNK
|b slo
|c SNK
|e rda
|
| 041 |
1 |
|
|a slo
|h eng
|
| 044 |
|
|
|a xo
|c SK
|
| 072 |
|
7 |
|a 27-1/-2
|x Kresťanská teológia. Dogmatická teológia
|2 konspekt
|
| 080 |
|
|
|a 27-184.35
|2 2011
|
| 080 |
|
|
|a 27-584.7
|2 2011
|
| 080 |
|
|
|a 27-584
|2 2011
|
| 080 |
|
|
|a (035)
|2 2011
|
| 100 |
1 |
|
|a Heidland, Miriam James
|4 aut
|9 204392
|
| 245 |
1 |
0 |
|a Obnova srdca
|b pôstne zamyslenia s modlitbami a zápisníkom
|c Miriam James Heidland ; ilustrovala Valeire Delgado ; preklad Klára Tomášiková
|
| 250 |
|
|
|a Vydanie 1.
|
| 264 |
|
1 |
|a [Bratislava]
|b Christian Project Support, s.r.o.
|c [2024]
|
| 264 |
|
4 |
|c ©2024
|
| 300 |
|
|
|a 212 strán
|b ilustrované listy
|c 21 cm
|
| 336 |
|
|
|a text
|b txt
|2 rdacontent
|
| 337 |
|
|
|a bez média
|b n
|2 rdamedia
|
| 338 |
|
|
|a zväzok
|b nc
|2 rdacarrier
|
| 500 |
|
|
|a Miesto vydania podľa NA ISBN
|
| 500 |
|
|
|a Obsahuje biografické údaje o autorke a maliarke
|
| 500 |
|
|
|a Preložené z angličtiny
|
| 650 |
0 |
7 |
|a kresťanský život
|2 SNKPH
|9 1808
|
| 650 |
0 |
7 |
|a Religious life
|2 SNKPHeng
|9 275462
|
| 650 |
0 |
7 |
|a náboženský život
|2 SNKPH
|9 1995
|
| 650 |
0 |
7 |
|a duchovný život
|2 SNKPH
|9 1807
|
| 650 |
0 |
7 |
|a Spiritual life
|2 SNKPHeng
|9 265583
|
| 650 |
0 |
7 |
|a Christian life
|2 SNKPHeng
|9 265582
|
| 655 |
|
7 |
|a príručky
|2 SNKPH
|9 74364
|
| 655 |
|
7 |
|a Handbooks, manuals, etc.
|2 SNKPHeng
|9 90964
|
| 700 |
1 |
|
|a Delgado, Valerie
|4 ill
|9 255705
|
| 700 |
1 |
|
|a Tomášiková, Klára
|4 trl
|9 237277
|
| 852 |
|
|
|a Slovenská národná knižnica
|
| 919 |
|
|
|a 978-80-8231-164-1
|
| 954 |
|
|
|a iná literatúra (príručky, kuchárske knihy, hobby literatúra, sprievodcovia) cudzojazyčná (svetová)
|2 lita
|
| 954 |
|
|
|a duchovná literatúra cudzojazyčná (svetová)
|2 lita
|
| 958 |
|
|
|a NT
|
| 958 |
|
|
|a UP
|
| 968 |
|
|
|b ENG
|
| 999 |
|
|
|c 702427
|d 704357
|
| 952 |
|
|
|a SNK
|b SNK
|y PREZ
|7 0
|p 17A1565877
|o snkSC 209739
|i snk2025/5117
|8 0
|0 0
|1 0
|4 0
|d 2025-03-20
|f 1
|l 0
|r 2025-11-03 00:00:00
|w 2026-02-23
|